Geografia kończąca na litere U - Statystyki

Ogólne statystyki
  • Ten quiz został rozwiązany 21 razy
  • Średni wynik to 8 z 20
Statystyki odpowiedzi
Wskazówka Odpowiedź % Poprawnych
Państwo Ameryki Południowej, którego nazwa składa się z czterech liter Peru
100%
Główna wyspa Japonii Honsiu
84%
Stolica Hawajów Honolulu
79%
Najmniejsze państwo Oceanii Nauru
74%
Jedyna stolica narodowa nad Morzem Kaspijskim Baku
63%
Zwierzę, które widnieje na herbie Australii Emu
63%
Z tej stolicy można (ledwie) zobaczyć Mount Everest Katmandu
58%
Małe terytorium chińskie, kiedyś kontrolowane przez Portugalię Makau
47%
Francuski termin oznaczający zamek lub winnicę Chateau
32%
Pasmo górskie na zachód od Himalajów: ____ kush Hindu
32%
Język narodowy Pakistanu Urdu
26%
Główna grupa etniczna / język urzędowy w Republice Południowej Afryki Zulu
26%
Grupa etniczna stanowiąca do 90% populacji Rwandy Hutu
21%
Zabytek znany również jako Ayers Rock Uluru
21%
Wyspa na której znajduje się powyższe Oahu
16%
Miasto w Mali, które w średniowieczu było przystankiem dla karawan pustynnych Timbuktu
16%
Chińskie miasto znane z wielkich pand Chengdu
11%
Miasto plażowe na północ od Los Angeles, słynące z rezydencji gwiazd Malibu
11%
Angielska nazwa miasta Kanton Guangzhou
5%
Znajduje się w Tokio i jest najbardziej ruchliwą stacją kolejową na świecie Shinjuku
0%
Nie znaleziono quizów pasujących do podanych kryteriów
Rozkład punktacji
Procent ludzi z każdym wynikiem
Percentyl według liczby udzielonych odpowiedzi
Twoja historia wyników
Nie rozwiązałeś tego quizu